Unix : concepts and applications (Record no. 172434)

MARC details
000 -LEADER
fixed length control field 00370nam a2200145Ia 4500
008 - FIXED-LENGTH DATA ELEMENTS--GENERAL INFORMATION
fixed length control field 231217s9999 xx 000 0 und d
041 ## - LANGUAGE CODE
Language code of text/sound track or separate title English
082 ## - DEWEY DECIMAL CLASSIFICATION NUMBER
Classification number 001.6424UNI DAS
100 ## - MAIN ENTRY--PERSONAL NAME
Personal name Das, Sumitabha
245 #0 - TITLE STATEMENT
Title Unix : concepts and applications
260 ## - PUBLICATION, DISTRIBUTION, ETC.
Date of publication, distribution, etc. 1998
Name of publisher, distributor, etc. TMH
Place of publication, distribution, etc. New Delhi
300 ## - PHYSICAL DESCRIPTION
Extent xix+565
650 ## - SUBJECT ADDED ENTRY--TOPICAL TERM
Topical term or geographic name entry element Unix,:,concept,application
942 ## - ADDED ENTRY ELEMENTS (KOHA)
Koha item type Books
Holdings
Date last seen Total checkouts Full call number Accession number Price effective from Category Lost status Damaged status Department Withdrawn status Home library Current library Shelving location Entry date Vendor Grants Billdate Currency symbol Conversion rate Discount Old discount
26/01/2024   001.6424UNI DAS 28402 26/01/2024 Books     Information Science   Central Library Central Library Information Science 25/05/2004 Publisher IS 31/03/2006 RS 1    
26/01/2024   001.6424UNI DAS;52 42913 26/01/2024 Books     Information Science   Central Library Central Library Information Science 08/09/2006 Publisher IS 20/08/2008 RS 1    
26/01/2024   001.6424UNI DAS;49 42914 26/01/2024 Books     Information Science   Central Library Central Library Information Science 08/09/2006 Publisher IS 25/08/2008 RS 1    

© For any Suggestions or Query, please contact the library staff @ librarian@pes.edu or Phone: +9180 2672 1983/ 2108.